Statistiques concernant Ballon d'Or... ou pas Ballon d'or

Cliquez ici pour prendre le quiz!

Statistiques générales

  • Ce quiz a été pris 1 443 fois
  • Le résultat moyen est 56 sur 85

Statistiques - réponses

HintRéponse% Correct
Lionel MessiBallon d'Or
87%
Zinédine ZidaneBallon d'Or
87%
Cristiano RonaldoBallon d'Or
87%
RonaldoBallon d'Or
86%
Johan CruyffBallon d'Or
85%
Karim BenzemaBallon d'Or
85%
RonaldinhoBallon d'Or
85%
Michel PlatiniBallon d'Or
84%
KakaBallon d'Or
84%
Luka ModrićBallon d'Or
83%
Pavel NedvedBallon d'Or
81%
Fabien BarthezPas Ballon d'Or
81%
Antoine GriezmannPas Ballon d'Or
81%
Lev YachineBallon d'Or
80%
Fabio CannavaroBallon d'Or
80%
Andriy ShevchenkoBallon d'Or
80%
Alfredo Di StéfanoBallon d'Or
80%
Marco van BastenBallon d'Or
80%
Manuel NeuerPas Ballon d'Or
80%
George WeahBallon d'Or
79%
Luis FigoBallon d'Or
79%
Gerd MüllerBallon d'Or
79%
Michael OwenBallon d'Or
79%
Franz BeckenbauerBallon d'Or
79%
Gianluigi BuffonPas Ballon d'Or
79%
Kylian MbappéPas Ballon d'Or
79%
Franck RibéryPas Ballon d'Or
79%
RivaldoBallon d'Or
78%
NeymarPas Ballon d'Or
78%
Andrés IniestaPas Ballon d'Or
78%
George BestBallon d'Or
76%
EusebioBallon d'Or
76%
Jean-Pierre PapinBallon d'Or
76%
XaviPas Ballon d'Or
76%
Luis Suarez (UruguayPas Ballon d'Or
76%
Robert LewandowskiPas Ballon d'Or
76%
Lothar MatthäusBallon d'Or
75%
Ruud GullitBallon d'Or
74%
Alain GiressePas Ballon d'Or
74%
Frank LampardPas Ballon d'Or
74%
Steven GerrardPas Ballon d'Or
73%
Thierry HenryPas Ballon d'Or
72%
Johnny RepPas Ballon d'Or
71%
Bobby CharltonBallon d'Or
70%
Eric CantonaPas Ballon d'Or
70%
Roberto BaggioBallon d'Or
69%
Roberto CarlosPas Ballon d'Or
69%
Raymond KopaBallon d'Or
68%
Salvatore SchillaciPas Ballon d'Or
68%
Bernd SchusterPas Ballon d'Or
67%
Hristo StoichkovBallon d'Or
66%
David BeckhamPas Ballon d'Or
65%
Helmut RahnPas Ballon d'Or
65%
Preben Elkjær LarsenPas Ballon d'Or
65%
Dino ZoffPas Ballon d'Or
61%
Jürgen KlinsmannPas Ballon d'Or
61%
Emilio ButragueñoPas Ballon d'Or
60%
Franco BaresiPas Ballon d'Or
59%
RaulPas Ballon d'Or
56%
ZicoPas Ballon d'Or
55%
Paolo MaldiniPas Ballon d'Or
55%
Karl-Heinz RummeniggeBallon d'Or
54%
Michael LaudrupPas Ballon d'Or
53%
Matthias SammerBallon d'Or
52%
Luis Suarez (Espagne)Ballon d'Or
52%
Stanley MatthewsBallon d'Or
52%
Gary LinekerPas Ballon d'Or
52%
Kenny DalglishPas Ballon d'Or
51%
Alan ShearerPas Ballon d'Or
50%
Diego MaradonaPas Ballon d'Or
49%
Paolo RossiBallon d'Or
48%
Just FontainePas Ballon d'Or
48%
Dennis BergkampPas Ballon d'Or
48%
PeléPas Ballon d'Or
47%
Kevin KeeganBallon d'Or
46%
Bobby MoorePas Ballon d'Or
45%
Igor BelanovBallon d'Or
40%
Gianni RiveraBallon d'Or
39%
Denis LawBallon d'Or
37%
Omar SívoriBallon d'Or
34%
Oleg BlokhineBallon d'Or
33%
Allan SimonsenBallon d'Or
32%
Josef MasopustBallon d'Or
29%
Florian AlbertBallon d'Or
27%
Ferenc PuskásPas Ballon d'Or
24%

Distribution des résultats

Percentile par nombre de réponses

% des personnes avec chaque résultat

Votre développement - résultats

Vous n’avez pas pris ce quiz